Statistics for Casual, Extra, & Competitive Gamemodes || Rocket League

Click here to take the quiz!

General Stats

  • This quiz has been taken 12 times
  • The average score is 8 of 15

Answer Stats

CategoryMode% Correct
ExtraRumble
90%
ExtraDropshot
80%
Popular LTMHeatseeker
80%
ExtraHoops
80%
ExtraSnowday
80%
CasualDuel
50%
CompetitiveDuel
50%
Popular LTMSpike Rush
50%
CasualChaos
40%
CasualDouble
40%
CompetitiveDouble
40%
Popular LTMBoomer
30%
CasualStandard
30%
CompetitiveStandard
30%
Popular LTMGridiron
10%

Score Distribution

Percentile by Number Answered

Percent of People with Each Score

Your Score History

You have not taken this quiz